000 00639nam a2200265Ia 4500
005 20260121172439.0
008 008 260114s9999 xx 000 0 eng d
020 _a9789811559136
037 _aEBOOK
040 _aCRL
040 _beng
040 _cCRL
041 _2eng
041 _aeng
084 _qCRL
100 _aDamien Charrieras, François Mouillot
_91088551
245 0 _aFractured Scenes
260 _bSpringer
260 _bSpringer
260 _c2021
856 _uhttps://link.springer.com/openurl?genre=book&isbn=978-981-15-5913-6
942 _cEBOOK
999 _c1654290
_d1654290